| 000 | 01653nam a2200205 a 4500 | ||
|---|---|---|---|
| 008 | 180523e2011 ag ||||gr|||| 000 1 spa d | ||
| 020 | _a9789506442149 | ||
| 041 | _aspa | ||
| 092 |
_c808 _l13 _sCOO |
||
| 100 | 1 |
_aCook, Robin _93090 |
|
| 245 | 3 |
_aLa cura / _cRobin Cook |
|
| 250 |
_a1a ed. _bTraducción Eduardo G. Murillo |
||
| 260 |
_aBuenos Aires: _bPlaza & Janes; _c2011. |
||
| 300 |
_a432 p. _c23x16 cm. |
||
| 500 | _aCook, R. (2011). La cura. (1a ed.). Buenos Aires : Plaza & Janes. | ||
| 505 | _aLaurie Montgomery, doctora forense en Nueva york, ha vuelto al trabajo después de una larga licencia por maternidad. Muy preocupada por haber perdido sus habilidades después de dieciocho meses en casa, Laurie dedica el máximo de atención y cuidado a su primera autopsia: un joven japonés que murió en el anden del metro aparentemente por causas naturales y sin ningún documento que lo identifique. En otro momento, Laurie habría firmado el certificado de defunción sin pensarlo dos veces, pero en esta ocasión hay algo que la hace dudar e insiste en revisar todas las grabaciones de las cámaras de seguridad del metro. Descubre que detrás del fallecido se encontraban dos japoneses y uno de ellos se apunto con un paraguas. Además, cuando la policía logra identificar el cadáver, parece aún más probable que fue un asesinato: el fallecido es Satoshi Machito, un prestigioso científico propietario de una patente de células madre pluripotentes, un auténtico tesoro para la industria de la medicina regenerativa. | ||
| 590 | _aProyecto 4to. Donación Lara Victoria, mayo 2018. | ||
| 655 |
_aLiteratura _92917 |
||
| 942 |
_2ddc _cLIT |
||
| 999 |
_c2769 _d2769 |
||